000 00287nam a2200097Ia 4500
001 1253367
005 20251031150952.0
008 251031s9999 xx 000 0 und d
245 0 _cM.ALİ HACIGÖKMEN
_aY-4 TÜRKİYE SELÇUKLU BAŞKENTLERİ İZNİK VE KONYA
260 _bÇİZGİ YAYINLARI
999 _c1253367
_d1253367